[Event "CRO-chT2 South"]
[Site "Croatia"]
[Date "2014.04.26"]
[Round "2.1"]
[White "Marinic Kragic, Miroslav"]
[Black "Mlinarevic, Ivan"]
[Result "1-0"]
[WhiteElo "1906"]
[BlackElo "1893"]
[PlyCount "53"]
[EventDate "2014.04.25"]
[EventType "team-tourn"]
[EventRounds "9"]
[EventCountry "CRO"]
[SourceTitle "EXT 2019"]
[Source "ChessBase"]
[SourceDate "2018.10.10"]
[SourceVersion "1"]
[SourceVersionDate "2018.10.10"]
[SourceQuality "1"]

1. e4 c5 2. Nf3 Nc6 3. c3 d6 4. d4 cxd4 5. cxd4 Nf6 6. Nc3 Bg4 7. Bb5 a6 8. Bxc6+ bxc6 9. Qa4 Bd7 10. Bg5 c5 11. Qc2 cxd4 12. Nxd4 e5 13. Bxf6 gxf6 14. Nf5 Bxf5 15. exf5 d5 16. Qa4+ Ke7 17. Qc6 Bg7 18. Qc5+ Ke8 19. Qxd5 h5 20. Rd1 Qxd5 21. Rxd5 Ke7 22. Ke2 Rhb8 23. Rd2 Bh6 24. Nd5+ Kf8 25. Ne3 Kg8 26. Rc1 Bf8 27. Rc6 1-0

[Event "Split op 1st"]
[Site "Split"]
[Date "2011.08.05"]
[Round "1"]
[White "Brulic, Denis"]
[Black "Marinic Kragic, Miroslav"]
[Result "1-0"]
[WhiteElo "2325"]
[BlackElo "1943"]
[PlyCount "59"]
[EventDate "2011.08.05"]
[EventType "swiss"]
[EventRounds "9"]
[EventCountry "CRO"]
[SourceTitle "CBM 143 Extra"]
[Source "ChessBase"]
[SourceDate "2011.08.29"]
[SourceVersion "1"]
[SourceVersionDate "2011.08.29"]
[SourceQuality "1"]

1. c4 Nf6 2. Nf3 g6 3. g3 Bg7 4. Bg2 0-0 5. 0-0 c6 6. d4 d5 7. cxd5 cxd5 8. Ne5 Nc6 9. f4 Bf5 10. Nc3 Nb4 11. a3 Nc2 12. Ra2 Rc8 13. g4 Nxg4 14. Nxg4 Bxd4+ 15. e3 Bxg4 16. Qxc2 Bb6 17. Qd3 d4 18. Nd5 dxe3 19. Bxe3 Bxe3+ 20. Qxe3 Rc2 21. Rf2 Rxf2 22. Nxe7+ Kg7 23. Kxf2 Re8 24. Qc3+ f6 25. Nd5 Re2+ 26. Kf1 Rxg2 27. Nxf6 Bh3 28. Nd7+ Kg8 29. Qxh3 Rd2 30. Qb3+ 1-0

[Event "Stobrec op"]
[Site "Stobrec"]
[Date "2008.07.29"]
[Round "3"]
[White "Buzancic, Tihomir"]
[Black "Marinic Kragic, Miroslav"]
[Result "0-1"]
[WhiteElo "1751"]
[BlackElo "1966"]
[PlyCount "80"]
[EventDate "2008.07.26"]
[EventType "swiss"]
[EventRounds "7"]
[EventCountry "CRO"]
[SourceTitle "EXT 2009"]
[Source "ChessBase"]
[SourceDate "2008.11.26"]
[SourceVersion "1"]
[SourceVersionDate "2008.11.26"]
[SourceQuality "1"]

1. e4 c5 2. Nf3 d6 3. d4 cxd4 4. Nxd4 Nf6 5. Nc3 a6 6. a4 Nc6 7. Bc4 e6 8. Be3 Ne5 9. Be2 Qc7 10. 0-0 Nc4 11. Bxc4 Qxc4 12. Qd3 Qxd3 13. cxd3 Ng4 14. Bd2 Ne5 15. b4 Nxd3 16. Nce2 d5 17. exd5 Bxb4 18. Bxb4 Nxb4 19. dxe6 fxe6 20. Nf4 Kf7 21. Rfe1 Re8 22. Re5 Bd7 23. Rae1 Nc6 24. Nfxe6 Nxd4 25. Nxd4 Bxa4 26. Nf5 Kf6 27. Rxe8 Rxe8 28. Ne3 Ke5 29. Nc4+ Kd4 30. Rxe8 Bxe8 31. Nd6 Bc6 32. Nf5+ Kc3 33. Nxg7 b5 34. Nf5 b4 35. Ne3 b3 36. f4 Kd3 37. Nd1 Kc2 38. Ne3+ Kc1 39. Nc4 Bd5 40. Ne5 Kd2 0-1

[Event "Stobrec op"]
[Site "Stobrec"]
[Date "2008.07.27"]
[Round "2"]
[White "Marinic Kragic, Miroslav"]
[Black "Katavic, Borivoj"]
[Result "0-1"]
[WhiteElo "1966"]
[BlackElo "2175"]
[PlyCount "100"]
[EventDate "2008.07.26"]
[EventType "swiss"]
[EventRounds "7"]
[EventCountry "CRO"]
[SourceTitle "EXT 2009"]
[Source "ChessBase"]
[SourceDate "2008.11.26"]
[SourceVersion "1"]
[SourceVersionDate "2008.11.26"]
[SourceQuality "1"]

1. e4 Nf6 2. e5 Nd5 3. Nc3 Nxc3 4. bxc3 d6 5. f4 g6 6. Nf3 Bg7 7. Bc4 0-0 8. 0-0 Nc6 9. d4 Na5 10. Be2 c5 11. Be3 Qc7 12. Bf2 Bf5 13. Bd3 Bg4 14. h3 Be6 15. Ng5 Bd5 16. dxc5 dxe5 17. Bxg6 hxg6 18. Qxd5 exf4 19. Bd4 e5 20. Bf2 Rad8 21. Qe4 Qe7 22. Nf3 f5 23. Qb4 Nc6 24. Qc4+ Kh8 25. Bh4 Bf6 26. Bxf6+ Qxf6 27. Rad1 g5 28. Rd6 Rxd6 29. cxd6 g4 30. Nh2 gxh3 31. Qd3 hxg2 32. Rf2 Rf7 33. Rxg2 e4 34. Qd5 f3 35. Rg3 Rg7 36. Nf1 Qe5 37. Qxe5 Nxe5 38. Rxg7 Kxg7 39. Ne3 Kf6 40. c4 b6 41. a4 Ke6 42. a5 Ng4 43. axb6 axb6 44. Nxf5 Nf6 45. Ne3 Kxd6 46. Kf2 Ke5 47. c3 Kf4 48. Nd5+ Nxd5 49. cxd5 Ke5 50. c4 b5 0-1

[Event "Split op"]
[Site "Split"]
[Date "2008.05.05"]
[Round "9"]
[White "Katavic, Borivoj"]
[Black "Marinic Kragic, Miroslav"]
[Result "1-0"]
[WhiteElo "2165"]
[BlackElo "1976"]
[PlyCount "105"]
[EventDate "2008.04.28"]
[EventType "swiss"]
[EventRounds "9"]
[EventCountry "CRO"]
[SourceTitle "EXT 2009"]
[Source "ChessBase"]
[SourceDate "2008.11.26"]
[SourceVersion "1"]
[SourceVersionDate "2008.11.26"]
[SourceQuality "1"]

1. e4 c5 2. Nf3 d6 3. d4 cxd4 4. Nxd4 Nf6 5. Nc3 a6 6. Bc4 e6 7. Bb3 Nbd7 8. Bxe6 fxe6 9. Nxe6 Qb6 10. Be3 Nc5 11. Nxf8 Rxf8 12. Qd4 Qc6 13. f3 Ne6 14. Qd2 Kf7 15. 0-0-0 Ne8 16. Nd5 N6c7 17. Nb6 Rb8 18. Qb4 Be6 19. a4 Na8 20. f4 Nxb6 21. Bxb6 Rc8 22. Rd2 Qc4 23. Qxc4 Rxc4 24. Bd4 Nf6 25. Re1 g6 26. b3 Rc6 27. Kb2 b5 28. a5 Rfc8 29. c3 Nd7 30. b4 Nf8 31. f5 gxf5 32. exf5 Bc4 33. Re3 Nd7 34. Rh3 Nf8 35. Rg3 Ke8 36. Rd1 R8c7 37. Re1+ Re7 38. Rxe7+ Kxe7 39. Rg7+ Bf7 40. g4 Ke8 41. h4 Rc7 42. h5 Re7 43. Bf6 Rd7 44. h6 Bd5 45. Rg5 Bc4 46. Rh5 Rf7 47. Bg7 Nd7 48. Rh3 Be2 49. g5 Nf8 50. g6 Rd7 51. Re3+ Re7 52. Rxe7+ Kxe7 53. Bxf8+ 1-0

[Event "Split op"]
[Site "Split"]
[Date "2008.04.28"]
[Round "1"]
[White "Curic, Drazen"]
[Black "Marinic Kragic, Miroslav"]
[Result "0-1"]
[WhiteElo "2204"]
[BlackElo "1976"]
[PlyCount "92"]
[EventDate "2008.04.28"]
[EventType "swiss"]
[EventRounds "9"]
[EventCountry "CRO"]
[SourceTitle "EXT 2009"]
[Source "ChessBase"]
[SourceDate "2008.11.26"]
[SourceVersion "1"]
[SourceVersionDate "2008.11.26"]
[SourceQuality "1"]

1. d4 Nf6 2. c4 d5 3. cxd5 c6 4. Nc3 cxd5 5. Bg5 Nc6 6. e3 Bf5 7. Qb3 Na5 8. Bb5+ Bd7 9. Qa4 Bc6 10. b4 a6 11. Bxc6+ Nxc6 12. Nf3 e6 13. Ne5 Bxb4 14. 0-0 Bxc3 15. Bxf6 gxf6 16. Nxc6 Qd7 17. Rac1 Qxc6 18. Qxc6+ bxc6 19. Rxc3 Kd7 20. Rfc1 Rhc8 21. f3 a5 22. Kf2 Rab8 23. R1c2 Rb5 24. g4 Kd6 25. Rc5 Rxc5 26. Rxc5 Ra8 27. Kg3 Kc7 28. Kh4 Kb6 29. Kh5 h6 30. Rc2 Rh8 31. f4 Rh7 32. h4 Rh8 33. f5 e5 34. Rb2+ Kc7 35. dxe5 fxe5 36. g5 hxg5+ 37. Kxg5 d4 38. Kf6 d3 39. Kxe5 Rd8 40. Rd2 c5 41. Ke4 c4 42. h5 Kc6 43. h6 Kc5 44. a3 f6 45. h7 Re8+ 46. Kf4 Rh8 0-1

[Event "Split MIC op"]
[Site "Split"]
[Date "2007.05.04"]
[Round "8"]
[White "Simovic, Mladen"]
[Black "Marinic Kragic, Miroslav"]
[Result "0-1"]
[WhiteElo "1868"]
[BlackElo "2032"]
[PlyCount "122"]
[EventDate "2007.04.28"]
[EventType "swiss"]
[EventRounds "9"]
[EventCountry "CRO"]
[SourceTitle "EXT 2008"]
[Source "ChessBase"]
[SourceDate "2007.11.25"]
[SourceVersion "1"]
[SourceVersionDate "2007.11.25"]
[SourceQuality "1"]

1. d4 Nc6 2. e3 e5 3. d5 Nce7 4. e4 Nf6 5. Bd3 Ng6 6. Ne2 c6 7. c4 Qb6 8. h3 Bb4+ 9. Nbc3 Nh5 10. Be3 Bc5 11. Na4 Qa5+ 12. Bd2 Bb4 13. Nac3 Nhf4 14. Nxf4 Nxf4 15. Bf1 d6 16. a3 Bxc3 17. Bxc3 Qc7 18. g3 Ng6 19. h4 c5 20. Be2 f5 21. h5 Ne7 22. f3 fxe4 23. fxe4 0-0 24. Qd2 Bd7 25. 0-0-0 Rf2 26. Rdf1 Raf8 27. Rxf2 Rxf2 28. Rf1 Rxf1+ 29. Bxf1 Bg4 30. Qh2 Qd7 31. Bd3 h6 32. Qh4 Kh7 33. Bc2 Ng8 34. b4 b6 35. bxc5 bxc5 36. Qh2 Nf6 37. Bd3 Bxh5 38. Qb2 Qa4 39. Qc2 Qxc2+ 40. Bxc2 Be2 41. Ba5 Bxc4 42. Bc7 Ne8 43. Bb8 a6 44. Bd1 Kg6 45. Bg4 Bb5 46. Kd2 Kf6 47. Bc8 Ke7 48. a4 Bf1 49. Ke3 g6 50. a5 h5 51. Kf2 Bb5 52. g4 Kd8 53. gxh5 Kxc8 54. h6 Nf6 55. h7 Nxh7 56. Bxd6 Ng5 57. Ke3 Nf7 58. Bxc5 Ba4 59. Kd3 Bd1 60. Bf8 Kd7 61. Bc5 Bf3 0-1

[Event "Split MIC op"]
[Site "Split"]
[Date "2007.05.01"]
[Round "4"]
[White "Marinic Kragic, Miroslav"]
[Black "Katavic, Borivoj"]
[Result "1/2-1/2"]
[WhiteElo "2032"]
[BlackElo "2137"]
[PlyCount "91"]
[EventDate "2007.04.28"]
[EventType "swiss"]
[EventRounds "9"]
[EventCountry "CRO"]
[SourceTitle "EXT 2008"]
[Source "ChessBase"]
[SourceDate "2007.11.25"]
[SourceVersion "1"]
[SourceVersionDate "2007.11.25"]
[SourceQuality "1"]

1. e4 c5 2. Nf3 Nc6 3. c3 d5 4. exd5 Qxd5 5. Qb3 Nf6 6. Na3 e6 7. Nc4 Be7 8. d3 0-0 9. Bg5 Re8 10. Be2 Nd7 11. Ne3 Qd6 12. 0-0 Bxg5 13. Nxg5 h6 14. Ne4 Qc7 15. f4 f5 16. Bh5 Na5 17. Qc2 Re7 18. Ng3 Nf8 19. Rae1 b6 20. b4 cxb4 21. cxb4 Qxc2 22. Nxc2 Rc7 23. Na3 Nb7 24. Nc4 Bd7 25. Bf3 Rd8 26. Rc1 Bb5 27. Ne5 Rxc1 28. Rxc1 Nd6 29. Rc7 a5 30. bxa5 bxa5 31. Nh5 Ne8 32. Re7 Rc8 33. Kf2 Rc2+ 34. Ke3 Rxa2 35. Rb7 Ba4 36. Rb8 Ra1 37. Ra8 Bb5 38. Rb8 Rb1 39. Bc6 Nd6 40. Rd8 Bxc6 41. Nxc6 Nb7 42. Ra8 Rb5 43. Ne5 Rd5 44. Rb8 Nd8 45. Ra8 Nf7 46. Nc4 1/2-1/2

[Event "Split MIC op"]
[Site "Split"]
[Date "2007.04.30"]
[Round "3"]
[White "Baturina, Andrija"]
[Black "Marinic Kragic, Miroslav"]
[Result "0-1"]
[WhiteElo "1962"]
[BlackElo "2032"]
[PlyCount "68"]
[EventDate "2007.04.28"]
[EventType "swiss"]
[EventRounds "9"]
[EventCountry "CRO"]
[SourceTitle "EXT 2008"]
[Source "ChessBase"]
[SourceDate "2007.11.25"]
[SourceVersion "1"]
[SourceVersionDate "2007.11.25"]
[SourceQuality "1"]

1. e4 Nc6 2. Nf3 d5 3. exd5 Qxd5 4. Nc3 Qa5 5. d4 Bg4 6. Bb5 0-0-0 7. Bxc6 bxc6 8. 0-0 Qh5 9. Qe2 Bxf3 10. gxf3 e6 11. Qe4 Bd6 12. f4 Ne7 13. Kh1 g5 14. Ne2 gxf4 15. Bxf4 Qd5 16. Qxd5 cxd5 17. Bxd6 Rxd6 18. Rg1 Ng6 19. Rg3 Kd7 20. Rf3 Ke7 21. Ng3 Rb6 22. Rc3 Kd6 23. b3 h5 24. Kg2 f6 25. Re3 h4 26. Ne2 e5 27. Rf1 Rg8 28. Kh3 exd4 29. Rf3 c5 30. Rxf6+ Ke5 31. Rxb6 axb6 32. f4+ Kf5 33. Nc1 Nxf4+ 34. Kxh4 Rg4# 0-1

[Event "Solin op"]
[Site "Solin"]
[Date "2007.01.21"]
[Round "2"]
[White "Marinic Kragic, Miroslav"]
[Black "Zaja, Stjepan"]
[Result "0-1"]
[WhiteElo "2057"]
[BlackElo "1681"]
[PlyCount "122"]
[EventDate "2007.01.20"]
[EventType "swiss"]
[EventRounds "9"]
[EventCountry "CRO"]
[SourceTitle "CBM 116 Extra"]
[Source "ChessBase"]
[SourceDate "2007.03.07"]
[SourceVersion "1"]
[SourceVersionDate "2007.03.07"]
[SourceQuality "1"]

1. e4 c5 2. Nf3 Nc6 3. c3 d5 4. exd5 Qxd5 5. Qb3 Nf6 6. Na3 Qxb3 7. axb3 a6 8. Nc4 Bg4 9. Nfe5 Nxe5 10. Nxe5 Be6 11. Bb5+ Bd7 12. Nxd7 Nxd7 13. d4 cxd4 14. cxd4 Rd8 15. Be2 Nb6 16. Bf3 Nd5 17. 0-0 e6 18. Bd2 Be7 19. Ba5 Rd7 20. Rfc1 0-0 21. Rc2 Bf6 22. Rd1 g6 23. g3 Bd8 24. Be1 Bb6 25. Rc4 Rfd8 26. Bd2 Kg7 27. Bg5 f6 28. Be3 Kf7 29. Rdc1 Ke7 30. h4 h5 31. Be4 Kf7 32. Bf4 e5 33. Bxd5+ Rxd5 34. Rb4 Bxd4 35. Rxb7+ Ke6 36. Bh6 R8d7 37. Rc6+ R5d6 38. Rxd6+ Rxd6 39. Bf8 Rb6 40. Re7+ Kf5 41. b4 e4 42. Rd7 Bxb2 43. Bc5 Re6 44. Kg2 Bc1 45. Rd1 Bb2 46. f3 exf3+ 47. Kxf3 Rc6 48. Bd4 Bxd4 49. Rxd4 Rc3+ 50. Kg2 Ke5 51. Rd2 Rb3 52. Ra2 Kf5 53. Kh3 Rxb4 54. Rxa6 Rb5 55. Ra8 g5 56. hxg5 fxg5 57. Rh8 g4+ 58. Kg2 Ke4 59. Kf2 Rb2+ 60. Kg1 Kf3 61. Rxh5 Kxg3 0-1

[Event "Epetium op"]
[Site "Stobrec"]
[Date "2006.08.19"]
[Round "7"]
[White "Marinic Kragic, Miroslav"]
[Black "Maslov, Zeljko"]
[Result "0-1"]
[WhiteElo "2076"]
[BlackElo "2013"]
[PlyCount "59"]
[EventDate "2006.08.11"]
[EventType "swiss"]
[EventRounds "7"]
[EventCountry "CRO"]
[SourceTitle "EXT 2007"]
[Source "ChessBase"]
[SourceDate "2006.11.23"]
[SourceVersion "1"]
[SourceVersionDate "2006.11.23"]
[SourceQuality "1"]

1. e4 e6 2. d4 d5 3. Nc3 Nf6 4. Bg5 Be7 5. e5 Nfd7 6. h4 Bxg5 7. hxg5 Qxg5 8. Nh3 Qe7 9. Qg4 g6 10. Nf4 c6 11. Qf3 Na6 12. Bxa6 bxa6 13. Nd3 c5 14. dxc5 Qg5 15. Qe2 Qxg2 16. 0-0-0 Qg5+ 17. f4 Qe7 18. c6 Nb8 19. f5 Nxc6 20. f6 Qb7 21. Nc5 Qb6 22. N3e4 dxe4 23. Nxe4 Rb8 24. Nd6+ Kf8 25. c3 Qa5 26. Qe3 h5 27. Nc4 Qb5 28. Qd3 a5 29. Qe2 Qc5 30. a4 0-1

[Event "Cvitanovic Memorial-B 11th"]
[Site "Split"]
[Date "2006.05.04"]
[Round "6"]
[White "Milosavljevic, Jovan"]
[Black "Marinic Kragic, Miroslav"]
[Result "0-1"]
[WhiteElo "2084"]
[BlackElo "2108"]
[PlyCount "82"]
[EventDate "2006.04.29"]
[EventType "swiss"]
[EventRounds "7"]
[EventCountry "CRO"]
[SourceTitle "CBM 112 Extra"]
[Source "ChessBase"]
[SourceDate "2006.07.14"]
[SourceVersion "1"]
[SourceVersionDate "2006.07.14"]
[SourceQuality "1"]

1. e4 Nc6 2. d4 d5 3. Nc3 Nf6 4. e5 Nd7 5. Bb5 Nb6 6. Nf3 Bg4 7. h3 Bxf3 8. Bxc6+ bxc6 9. Qxf3 e6 10. 0-0 c5 11. dxc5 Bxc5 12. Qg4 Qd7 13. Qxg7 0-0-0 14. Qg4 Rdg8 15. Qe2 Rg6 16. Kh2 Rhg8 17. g3 f6 18. Bf4 Nc4 19. Ne4 fxe5 20. Nxc5 Qb5 21. Nd3 exf4 22. Nxf4 Rf6 23. b3 Nd6 24. Qe5 Rh6 25. Rac1 Nf7 26. Qe2 Qd7 27. Qa6+ Kb8 28. Qa4 c6 29. Ne2 e5 30. Ng1 Rg4 31. f4 Ka8 32. Qb4 Qe8 33. Rce1 Qg8 34. Rf3 Ng5 35. Rfe3 Ne4 36. Rxe4 dxe4 37. Qxe4 Rxg3 38. fxe5 Rhg6 39. e6 Rg2+ 40. Kh1 Rxg1+ 41. Rxg1 Rxg1+ 0-1

[Event "Omis op"]
[Site "Omis"]
[Date "2005.10.16"]
[Round "9"]
[White "Marinic Kragic, Miroslav"]
[Black "Ivic, Mateo"]
[Result "0-1"]
[WhiteElo "2093"]
[BlackElo "2219"]
[PlyCount "82"]
[EventDate "2005.10.10"]
[EventType "swiss"]
[EventRounds "9"]
[EventCountry "CRO"]
[SourceTitle "CBM 108 Extra"]
[Source "ChessBase"]
[SourceDate "2005.11.04"]
[SourceVersion "1"]
[SourceVersionDate "2005.11.04"]
[SourceQuality "1"]

1. e4 e5 2. Nf3 Nc6 3. Bc4 Nf6 4. Nc3 Nxe4 5. Nxe4 d5 6. Bd3 f5 7. Bb5 fxe4 8. Nxe5 Qf6 9. d4 exd3 10. 0-0 Be7 11. Nxd3 Be6 12. Qh5+ Bf7 13. Qe5 0-0 14. Qxf6 Bxf6 15. Bxc6 bxc6 16. Bf4 Bg6 17. Bxc7 Rf7 18. Bg3 Rb7 19. Rab1 Re8 20. Rfe1 Rxe1+ 21. Nxe1 Rxb2 22. Rxb2 Bxb2 23. Kf1 Ba3 24. Ke2 c5 25. Bd6 Kf7 26. Nd3 Ke6 27. Bf8 Bxd3+ 28. cxd3 Kf7 29. Bd6 Ke6 30. Bb8 a5 31. Kd2 a4 32. Kc3 Bb4+ 33. Kc2 d4 34. Kb2 Kd5 35. a3 Ba5 36. Kc2 Bd8 37. Bg3 Be7 38. f4 c4 39. dxc4+ Kxc4 40. Kb2 Kd3 41. f5 Ke2 0-1

[Event "Omis op"]
[Site "Omis"]
[Date "2005.10.15"]
[Round "8"]
[White "Plenkovic, Zdenko"]
[Black "Marinic Kragic, Miroslav"]
[Result "1-0"]
[WhiteElo "2321"]
[BlackElo "2093"]
[PlyCount "125"]
[EventDate "2005.10.10"]
[EventType "swiss"]
[EventRounds "9"]
[EventCountry "CRO"]
[SourceTitle "CBM 108 Extra"]
[Source "ChessBase"]
[SourceDate "2005.11.04"]
[SourceVersion "1"]
[SourceVersionDate "2005.11.04"]
[SourceQuality "1"]

1. c4 Nc6 2. g3 Ne5 3. e4 Ng6 4. Bg2 e5 5. Ne2 d6 6. Nbc3 c6 7. d4 Be6 8. d5 Bd7 9. 0-0 h5 10. dxc6 bxc6 11. c5 dxc5 12. h4 Nh6 13. Na4 Bg4 14. Qxd8+ Rxd8 15. Re1 Bxe2 16. Rxe2 Rd1+ 17. Bf1 Ng4 18. Nc3 Rd7 19. Rc2 Be7 20. f3 Nf6 21. Be3 0-0 22. Na4 Rfd8 23. Be2 Nf8 24. Nxc5 Bxc5 25. Rxc5 Ne6 26. Rxe5 Nd4 27. Kf2 Rb8 28. b3 Nc2 29. Rd1 Rbd8 30. Rxd7 Rxd7 31. Rc5 Nb4 32. Ra5 Nc2 33. Rxa7 Nxe3 34. Ra8+ Kh7 35. Kxe3 Rd6 36. Bc4 Kg6 37. e5 Nd5+ 38. Bxd5 Rxd5 39. Ke4 Rd1 40. Ra6 Re1+ 41. Kf4 Rc1 42. Ra4 Rc2 43. Rc4 Rxa2 44. Rxc6+ f6 45. exf6 gxf6 46. Rc7 Rf2 47. Rb7 Rf1 48. b4 Rb1 49. Rb8 Rb3 50. g4 Rc3 51. Rb6 Rc4+ 52. Kg3 hxg4 53. fxg4 Rc3+ 54. Kf2 Rc2+ 55. Ke3 Rc3+ 56. Kd2 Rh3 57. g5 Rxh4 58. gxf6 Rh3 59. Kc2 Kf7 60. Rd6 Rh5 61. Kb3 Rf5 62. Ka4 Re5 63. b5 1-0

[Event "Omis op"]
[Site "Omis"]
[Date "2005.10.11"]
[Round "2"]
[White "Baturina, Andrija"]
[Black "Marinic Kragic, Miroslav"]
[Result "0-1"]
[WhiteElo "1859"]
[BlackElo "2093"]
[PlyCount "66"]
[EventDate "2005.10.10"]
[EventType "swiss"]
[EventRounds "9"]
[EventCountry "CRO"]
[SourceTitle "CBM 108 Extra"]
[Source "ChessBase"]
[SourceDate "2005.11.04"]
[SourceVersion "1"]
[SourceVersionDate "2005.11.04"]
[SourceQuality "1"]

1. g3 d5 2. d4 Bg4 3. Bg2 e6 4. Nf3 Nd7 5. Bf4 Bd6 6. Qd2 Ngf6 7. Nc3 Nb6 8. b3 Bb4 9. Ne5 Bf5 10. a3 Bd6 11. 0-0 Qe7 12. Nb5 a6 13. Nxd6+ cxd6 14. Nd3 a5 15. Rfc1 Ne4 16. Qe1 0-0 17. c4 dxc4 18. bxc4 Rfc8 19. c5 dxc5 20. Nxc5 Nxc5 21. dxc5 Na4 22. c6 b5 23. c7 Ra7 24. Qd2 e5 25. Be3 Raxc7 26. Rxc7 Qxc7 27. Rd1 Nc3 28. Rc1 b4 29. axb4 axb4 30. Qb2 Qc4 31. Bf1 b3 32. Bd2 Bc2 33. Re1 Qd4 0-1

[Event "Split Epetium op"]
[Site "Split"]
[Date "2005.08.20"]
[Round "6"]
[White "Marinic Kragic, Miroslav"]
[Black "Quintero Fernandez, Jose A"]
[Result "1-0"]
[WhiteElo "2079"]
[BlackElo "1990"]
[PlyCount "51"]
[EventDate "2005.08.12"]
[EventType "swiss"]
[EventRounds "7"]
[EventCountry "CRO"]
[SourceTitle "EXT 2006"]
[Source "ChessBase"]
[SourceDate "2005.11.24"]
[SourceVersion "1"]
[SourceVersionDate "2005.11.24"]
[SourceQuality "1"]

1. e4 c6 2. d4 d5 3. Nc3 dxe4 4. Nxe4 Nd7 5. Be3 Ngf6 6. f3 e6 7. Bd3 b6 8. Ne2 Bb7 9. N2g3 Be7 10. c3 Qc7 11. Qc2 h6 12. Nxf6+ Nxf6 13. Bf2 0-0 14. Ne4 Nh5 15. 0-0-0 Nf4 16. Bg3 Nxd3+ 17. Rxd3 Qd7 18. Nf2 Ba6 19. Rd2 Qd5 20. Kb1 Bc4 21. b3 Ba6 22. Re1 Rac8 23. Re5 Qd7 24. Rh5 Rfd8 25. Ng4 Bf8 26. Rxh6 1-0

[Event "Kastela op"]
[Site "Kastela"]
[Date "2005.07.10"]
[Round "8"]
[White "Marinic Kragic, Miroslav"]
[Black "Bilus Gagic, Ante"]
[Result "1-0"]
[WhiteElo "2079"]
[BlackElo "2016"]
[PlyCount "93"]
[EventDate "2005.07.04"]
[EventType "swiss"]
[EventRounds "9"]
[EventCountry "CRO"]
[SourceTitle "EXT 2006"]
[Source "ChessBase"]
[SourceDate "2005.11.24"]
[SourceVersion "1"]
[SourceVersionDate "2005.11.24"]
[SourceQuality "1"]

1. e4 e5 2. Nf3 Nc6 3. Bc4 Be7 4. d4 d6 5. dxe5 Nxe5 6. Nxe5 dxe5 7. Qh5 g6 8. Qxe5 Nf6 9. Bh6 Rg8 10. Bg5 Nd7 11. Qd5 Rf8 12. Bh6 c6 13. Qd2 Rg8 14. Qf4 Bf6 15. h4 Qa5+ 16. Nd2 Qe5 17. Qxe5+ Nxe5 18. f3 Ke7 19. Bb3 b5 20. 0-0-0 a5 21. a4 Rb8 22. Bg5 h5 23. axb5 cxb5 24. Nf1 Bxg5+ 25. hxg5 Be6 26. Bd5 Rgd8 27. Ne3 Rbc8 28. b3 Rc7 29. Kb2 Rdc8 30. Ra1 Ra7 31. Ra2 a4 32. f4 Nc6 33. f5 Bd7 34. g4 Nb4 35. Raa1 Rh8 36. bxa4 bxa4 37. Ka3 Nc6 38. Nc4 Nd4 39. f6+ Kf8 40. Ne3 Kg8 41. gxh5 Rxh5 42. Rxh5 gxh5 43. g6 Be6 44. g7 Bxd5 45. Nxd5 Nxc2+ 46. Kb2 Nxa1 47. Ne7+ 1-0

[Event "Kastela op"]
[Site "Kastela"]
[Date "2005.07.09"]
[Round "7"]
[White "Milosavljevic, Jovan"]
[Black "Marinic Kragic, Miroslav"]
[Result "1-0"]
[WhiteElo "2080"]
[BlackElo "2079"]
[PlyCount "66"]
[EventDate "2005.07.04"]
[EventType "swiss"]
[EventRounds "9"]
[EventCountry "CRO"]
[SourceTitle "EXT 2006"]
[Source "ChessBase"]
[SourceDate "2005.11.24"]
[SourceVersion "1"]
[SourceVersionDate "2005.11.24"]
[SourceQuality "1"]

1. e4 Nc6 2. c4 Nf6 3. Nc3 e5 4. d3 Bc5 5. Be3 Nd4 6. h3 c6 7. a3 a5 8. Nf3 d6 9. Rb1 a4 10. Bxd4 exd4 11. Ne2 Qb6 12. g3 Nd7 13. Bg2 Ne5 14. Nh2 Qa5+ 15. Kf1 0-0 16. f4 f5 17. Nf3 fxe4 18. Nxe5 dxe5 19. Bxe4 exf4 20. Nxf4 Bd6 21. Kg2 Qg5 22. h4 Qh6 23. Nh3 Bf5 24. Ng5 Be7 25. Qd2 Qg6 26. Rbe1 h6 27. Bxf5 Qxf5 28. Ne6 Qf3+ 29. Kh3 Bxh4 30. Kxh4 Rf5 31. g4 Raa5 32. c5 Raxc5 33. Nxc5 Rxc5 1-0

[Event "Kastela op"]
[Site "Kastela"]
[Date "2005.07.06"]
[Round "3"]
[White "Brulic, Denis"]
[Black "Marinic Kragic, Miroslav"]
[Result "1-0"]
[WhiteElo "2242"]
[BlackElo "2079"]
[PlyCount "61"]
[EventDate "2005.07.04"]
[EventType "swiss"]
[EventRounds "9"]
[EventCountry "CRO"]
[SourceTitle "EXT 2006"]
[Source "ChessBase"]
[SourceDate "2005.11.24"]
[SourceVersion "1"]
[SourceVersionDate "2005.11.24"]
[SourceQuality "1"]

1. Nf3 Nc6 2. c4 Nf6 3. d4 d5 4. cxd5 Qxd5 5. Nc3 Qh5 6. Bf4 Nd5 7. Bg3 e6 8. e4 Nxc3 9. bxc3 Bd6 10. e5 Be7 11. Be2 Qh6 12. 0-0 0-0 13. Bd3 Nd8 14. Re1 c6 15. Re4 Kh8 16. Bc2 Rg8 17. Qd3 Qh5 18. Rae1 b6 19. Rg4 Qf5 20. Ree4 h5 21. Rgf4 Qh7 22. h4 f6 23. exf6 gxf6 24. Re5 f5 25. Re1 Qg7 26. Ne5 Nf7 27. Qf3 Qh7 28. Qxc6 Nxe5 29. Qxa8 Ng6 30. Rf3 Nxh4 31. Be5+ 1-0

[Event "CRO-chT2 South"]
[Site "Croatia"]
[Date "2005.05.21"]
[Round "5.6"]
[White "Malenica, Mario"]
[Black "Marinic Kragic, Miroslav"]
[Result "1-0"]
[WhiteElo "2160"]
[BlackElo "2087"]
[PlyCount "83"]
[EventDate "2005.04.09"]
[EventType "team"]
[EventRounds "9"]
[EventCountry "CRO"]
[SourceTitle "EXT 2007"]
[Source "ChessBase"]
[SourceDate "2006.11.23"]
[SourceVersion "1"]
[SourceVersionDate "2006.11.23"]
[SourceQuality "1"]
[WhiteTeam "VIS"]
[BlackTeam "Sibenik"]
[WhiteTeamCountry "CRO"]
[BlackTeamCountry "CRO"]

1. Nf3 Nc6 2. d4 d5 3. g3 Bf5 4. a3 Qd7 5. Bg2 Bh3 6. Bxh3 Qxh3 7. Bf4 Rc8 8. Nc3 Nf6 9. Qd2 h6 10. 0-0-0 g5 11. Be5 Nxe5 12. dxe5 Ne4 13. Qxd5 Nxc3 14. bxc3 c6 15. Qe4 Qe6 16. Rd4 Bg7 17. g4 Qa2 18. Kd2 0-0 19. h4 gxh4 20. Rxh4 Qe6 21. g5 f5 22. exf6 Qxe4 23. Rdxe4 exf6 24. gxh6 Bh8 25. Re7 Rcd8+ 26. Rd4 Rxd4+ 27. cxd4 Rf7 28. Rxf7 Kxf7 29. Nh4 f5 30. Nxf5 Kg6 31. e4 Bf6 32. Kd3 b5 33. c4 a6 34. cxb5 cxb5 35. d5 a5 36. d6 a4 37. Kc2 Kf7 38. f4 Ke6 39. h7 b4 40. axb4 a3 41. Kb3 Bb2 42. e5 1-0